| 000 | 00816cam a2200217 4500 | ||
|---|---|---|---|
| 008 | 040316t20032003mx 000 0 spa u | ||
| 020 | _a9706941169 | ||
| 035 | _aa435984 | ||
| 050 | 0 | 0 |
_aLB3607 _bC38 2003 |
| 100 | 1 | _aChávez González, Guadalupe | |
| 245 | 1 | 0 |
_aEstudiantes y valores. El caso de la facultad de filosofía y letras / _cGuadalupe Chávez González, Laura Imelda Charles Lara, Benigno Benavides Martínez. |
| 260 |
_aMéxico : _bGrafo print, _c2003 |
||
| 300 |
_a208 p. ; _c22 cm. |
||
| 506 | _aRec. prop. esc. | ||
| 504 | _aIncluye bibliografía | ||
| 650 | 1 | 0 |
_aValores sociales _x Estudio y enseñanza |
| 650 | 2 | 0 |
_aEducación moral (Superior) _x Estudio y enseñanza |
| 700 | 1 | _aCharles Lara, Laura Imelda, coaut | |
| 700 | 1 | _aBenavides Martínez, Benigno, coaut | |
| 942 |
_2lcc _cLIB |
||
| 999 |
_c125864 _d125864 |
||